Creatividad y valores / (Record no. 174532)

MARC details
000 -CABECERA
campo de control de longitud fija 00751nam a2200229 u 4500
005 - FECHA Y HORA DE LA ÚLTIMA TRANSACCIÓN
campo de control 20240111063543.0
008 - ELEMENTOS DE LONGITUD FIJA--INFORMACIÓN GENERAL
campo de control de longitud fija 150311s2004 r 000 0 eng d
020 ## - NÚMERO INTERNACIONAL NORMALIZADO PARA LIBROS
Número Internacional Estándar del Libro 8449428939
035 ## - NÚMERO DE CONTROL DEL SISTEMA
Número de control de sistema UPN01000202431
049 ## - COLECCIÓN
Colección I
050 #4 - SIGNATURA TOPOGRÁFICA DE LA BIBLIOTECA DEL CONGRESO
Número de clasificación TT174
Número de documento/Ítem C7.3
245 00 - MENCIÓN DE TÍTULO
Título Creatividad y valores /
Resto del título dir. Carlos Gispert.
260 ## - PUBLICACIÓN, DISTRIBUCIÓN, ETC.
Lugar de publicación, distribución, etc. Barcelona, Esp. :
Nombre del editor, distribuidor, etc. Océano,
Fecha de publicación, distribución, etc. 2004.
300 ## - DESCRIPCIÓN FÍSICA
Extensión 104 p. :
Otras características físicas il. col. +
Material acompañante/anejo 1 CD-ROM ; 4 3/4 plg.
440 #0 - MENCIÓN DE SERIE/ASIENTO SECUNDARIO--TÍTULO
Título Taller de juguetes ;
Designación de volumen o secuencia 1
500 ## - NOTA GENERAL
Nota general El CD-ROM solicitalo en el "Mostrador de Préstamo"
650 #4 - ASIENTO SECUNDARIO DE MATERIA - TERMINO TEMATICO
Término de materia o nombre geográfico como elemento de entrada JUGUETES -
Subdivisión general CONSTRUCCION -
Subdivisión de forma LITERATURA JUVENIL
9 (RLIN) 8233
650 #2 - ASIENTO SECUNDARIO DE MATERIA - TERMINO TEMATICO
Término de materia o nombre geográfico como elemento de entrada Juguetes
9 (RLIN) 11338
650 #0 - ASIENTO SECUNDARIO DE MATERIA - TERMINO TEMATICO
Término de materia o nombre geográfico como elemento de entrada Trabajos manuales (Educación)
Subdivisión de forma Literatura infantil
9 (RLIN) 21233
905 ## - TIPO DE MATERIAL
Tipo de material Infantil
Holdings
Estado de retiro Estado de pérdida Fuente del sistema de clasificación o colocación Estado dañado No para préstamo Código de colección Localización permanente Ubicación/localización actual Ubicación en estantería Fecha de adquisición Total de préstamos Clasificación Código de barras Fecha visto por última vez Número de copia Tipo de ítem Koha Precio válido a partir de Nota pública
    Library of Congress Classification     Infantil Bib. Gregorio Torres Quintero Bib. Gregorio Torres Quintero Sala infantil Planta baja 10/05/2023 3 TT174 C7.3 301859 31/12/2020 1 Libro    
    Library of Congress Classification     Materiales complementarios y otros recursos electrónicos  Bib. Gregorio Torres Quintero Bib. Gregorio Torres Quintero Mostrador de préstamo Planta baja 25/09/2024   TT174 C7.3 340033 25/09/2024   Disco Compacto 25/09/2024 Solicítalo en el mostrador de préstamo